000 00550nam a2200193Ia 4500
005 20250508164801.0
008 008 250505s9999 xx 000 0 eng d
020 _a978-81-272-5183-3
037 _aReference
040 _aFEDL
_beng
_cFEDL
041 _aeng
_2eng
084 _a301, NCE/RR
_qFEDL
245 0 _aIntroducing sociology : Textbook for class 11
245 0 _cNational Council of Educational Research and Training
260 _c2006
300 _avi,102p.
942 _cREF
_h301, NCE/RR
999 _c1391139
_d1391139